| 000 | 00822nam a2200205 i 4500 | ||
|---|---|---|---|
| 001 | 135966 | ||
| 003 | ES-MaACL | ||
| 005 | 20230906195012.0 | ||
| 007 | t| | ||
| 008 | 070214s1975 sp |||| | spa d | ||
| 100 | 1 |
_aRoux, Bernard. _9100101 |
|
| 245 | 1 | 0 |
_aCrisis agraria en la sierra andaluza _b: un estudio económico de las empresas ganaderas de la provincia de Huelva / _cBernard Roux ; traducción de Michèle Saillant-Llorens. |
| 260 |
_aSevilla : _bInstituto de Desarrollo Regional, _c1975. |
||
| 300 |
_a274 p. ; _c21 cm. |
||
| 650 | 4 |
_aGanadería- _zHuelva (Provincia) _9169202 |
|
| 651 | 4 |
_aHuelva (Provincia)- _xSituación económica. _9164530 |
|
| 700 | 1 |
_aSaillant-Llorens, Michèle. _9101494 |
|
| 710 | 2 |
_aUniversidad de Sevilla. _bInstituto de Desarrollo Regional. _9169195 |
|
| 852 |
_aES-MaACL _jE-8451 |
||
| 999 |
_c135966 _d135966 |
||